[Event "Let's Play Chess!"]
[Site "http://www.queenalice.com/game.php?id=1281894"]
[Date "2014.5.15"]
[Round "-"]
[White "Zefil"]
[Black "Kgarcia"]
[Result "1-0"]
[WhiteElo "2039"]
[BlackElo "1692"]

1. b3 e5 2. Bb2 d5 3. Bxe5 Nc6 4. Bb2 Nf6 5. e3 Bf5 6. Bb5 Be7 7. Bxc6+ bxc6 8.
Nf3 O-O 9. O-O Re8 10. d4 Ne4 11. Nbd2 Rb8 12. Nxe4 Bxe4 13. Nd2 Bd6 14. Nxe4
Rxe4 15. g3 Qd7 16. Qf3 Qg4 17. Qxg4 Rxg4 18. Rac1 h5 19. h3 Rg6 20. c4 dxc4 21.
Rxc4 Be7 22. Rfc1 Rb6 23. Kh2 Bd6 24. h4 Rf6 25. R1c2 Be7 26. d5 Rg6 27. Rxc6
Rbxc6 28. Rxc6 Rxc6 29. dxc6 Bd6 30. Kg2 f5 31. Kf3 Kf7 32. a4 g6 33. Bd4 a6 34.
Bc3 Ke6 35. e4 1-0

[Event "AUTO-INT-2906"]
[Site "http://www.queenalice.com/game.php?id=1311219"]
[Date "2014.9.28"]
[Round "1"]
[White "NickThorp"]
[Black "Kgarcia"]
[Result "0-1"]
[WhiteElo "1589"]
[BlackElo "1717"]

1. e4 c5 2. Nf3 e6 3. Nc3 d5 4. Bb5+ Nc6 5. O-O dxe4 6. Nxe4 Bd7 7. d3 Nf6 8.
Bxc6 Bxc6 9. Nxf6+ Qxf6 10. Bg5 Qxb2 11. c4 h6 12. Bh4 Bd6 13. Qd2 Qb6 14. Rab1
Qc7 15. Qc3 O-O 16. Bg3 Bxf3 17. gxf3 b6 18. Bxd6 Qxd6 19. Rfd1 Rad8 20. Rb3 Qf4
21. d4 Rxd4 22. Rxd4 Qxd4 23. Qc2 Rd8 24. Kg2 Qf4 25. Qe4 Qxe4 26. fxe4 f6 27.
f3 Rd2+ 28. Kg3 Rxa2 29. h4 Ra4 30. Rc3 Rb4 31. f4 a5 32. Kg4 a4 33. Rc1 a3 34.
Rc2 Rb2 35. Rc1 a2 36. Ra1 Rc2 37. Kf3 Rxc4 38. Rxa2 b5 39. Ra3 b4 40. Ra1 b3
41. Rb1 Rc3+ 42. Kg4 c4 43. f5 e5 44. h5 Rc2 45. Kf3 b2 46. Ke3 c3 47. Rd1 Rc1
48. Rd8+ Kh7 49. Rb8 b1=Q 50. Rxb1 Rxb1 51. Kd3 Rc1 52. Ke2 Kg8 53. Kd3 Kf7 54.
Kc4 Ke7 55. Kb3 Kd6 56. Kc4 Kc6 57. Kb4 Re1 58. Kxc3 Rxe4 59. Kd3 Rf4 0-1

[Event "AUTO-INT-2906"]
[Site "http://www.queenalice.com/game.php?id=1311220"]
[Date "2014.9.28"]
[Round "1"]
[White "Kgarcia"]
[Black "NickThorp"]
[Result "1-0"]
[WhiteElo "1704"]
[BlackElo "1632"]

1. Nf3 d5 2. d4 Nc6 3. e3 Bg4 4. Be2 e6 5. h3 Bh5 6. Bd2 Nf6 7. Nc3 Bb4 8. a3
Ba5 9. b4 Bb6 10. Ne5 Bxe2 11. Qxe2 Nxe5 12. dxe5 Ne4 13. Nxe4 dxe4 14. Rd1 O-O
15. O-O Qd5 16. Bc3 Qc6 17. Bd4 Bxd4 18. exd4 Rfd8 19. Rfe1 Qd5 20. Qxe4 c6 21.
Rd2 Qxe4 22. Rxe4 Rd5 23. c4 Rd7 24. Re3 Rad8 25. Red3 b6 26. Kf1 c5 27. d5 cxb4
28. axb4 h6 29. Ke2 Rc7 30. Rc2 exd5 31. Rd4 Rxc4 32. Rcxc4 b5 33. Rc5 a6 34.
Rdxd5 Re8 35. f4 f5 36. Rc6 Ra8 37. Rdd6 a5 38. bxa5 Rxa5 39. Rb6 Ra2+ 40. Rd2
Ra5 41. Rb2 Ra4 42. g3 Re4+ 43. Kf3 Rc4 44. R6xb5 Rc3+ 45. Kf2 h5 46. e6 Rc7 47.
Rxf5 g6 48. Rg5 Re7 49. Rxg6+ Kh7 50. f5 Re8 51. Re2 Re7 52. Rg5 Kh6 53. h4 Kh7
54. f6 1-0

[Event "AUTO-INT-2906"]
[Site "http://www.queenalice.com/game.php?id=1311231"]
[Date "2014.9.28"]
[Round "1"]
[White "lesoleil"]
[Black "Kgarcia"]
[Result "1-0"]
[WhiteElo "1888"]
[BlackElo "1676"]

1. e4 c5 2. Nf3 e6 3. d4 d5 4. Nc3 cxd4 5. Nxd4 dxe4 6. Nxe4 Nf6 7. Bg5 Be7 8.
Bd3 Nxe4 9. Bxe7 Qxd4 10. Bb5+ Kxe7 11. Qxd4 Nf6 12. O-O-O a6 13. Qd6# 1-0

[Event "AUTO-INT-2906"]
[Site "http://www.queenalice.com/game.php?id=1311232"]
[Date "2014.9.28"]
[Round "1"]
[White "Kgarcia"]
[Black "lesoleil"]
[Result "1-0"]
[WhiteElo "1654"]
[BlackElo "1882"]

1. Nf3 Nc6 2. d4 d5 3. e3 a6 4. c4 e6 5. Nbd2 Bb4 6. a3 Bxd2+ 7. Bxd2 Nf6 8. Bd3
O-O 9. O-O dxc4 10. Bxc4 b5 11. Bd3 Bb7 12. Rc1 Ne7 13. Be2 Ne4 14. Bb4 a5 15.
Bxe7 Qxe7 16. Bxb5 Rab8 17. Qa4 Qf6 18. Bc6 Qg6 19. Bxb7 Rxb7 20. Qxa5 Rxb2 21.
Qxc7 h6 22. a4 Ra2 23. a5 Ra8 24. Ra1 R2xa5 25. Rxa5 1-0

[Event "AUTO-INT-2906"]
[Site "http://www.queenalice.com/game.php?id=1311239"]
[Date "2014.9.28"]
[Round "1"]
[White "Kgarcia"]
[Black "Nelsonbento"]
[Result "0-1"]
[WhiteElo "1668"]
[BlackElo "1478"]

1. Nf3 d5 2. d4 h6 3. e3 a6 4. c4 e6 5. Nbd2 g5 6. h3 Bg7 7. Rb1 Bd7 8. b3 Qf6
9. Bb2 b5 10. c5 Nc6 11. a3 Nge7 12. Bd3 O-O 13. O-O e5 14. dxe5 Qe6 15. Qc2 f5
16. exf6 Bxf6 17. Bxf6 Rxf6 18. e4 g4 19. hxg4 Qxg4 20. e5 Rf7 21. Nh2 Nd4 22.
Qd1 Qh4 23. Ndf3 Nxf3+ 24. Nxf3 Qg4 25. Nh2 Qg5 26. Re1 Bh3 27. g3 Raf8 28. Rb2
Nc6 29. e6 Re7 30. Rbe2 Rxf2 31. Rxf2 Qxg3+ 32. Kh1 Qxf2 33. Rg1+ Rg7 34. Rxg7+
Kxg7 35. Qg1+ Qxg1+ 36. Kxg1 Bxe6 37. a4 d4 38. axb5 axb5 39. Bxb5 Nb4 40. Bc4
Bxc4 41. bxc4 d3 42. Nf3 Kf6 43. Kf2 Kf5 44. Ke3 Kg4 45. Ne5+ Kf5 46. Nf3 h5 47.
Kd2 Kg4 48. Ne5+ Kf4 49. Ng6+ Ke4 50. c6 Nxc6 51. Nh4 Na5 52. c5 Kd4 53. Ng2
Nb3+ 54. Kd1 d2 55. Nh4 Kd3 56. Nf3 Nxc5 57. Nxd2 h4 58. Nf1 h3 59. Nh2 Ne4 60.
Ng4 c5 61. Ke1 c4 0-1

[Event "AUTO-INT-2906"]
[Site "http://www.queenalice.com/game.php?id=1311240"]
[Date "2014.9.28"]
[Round "1"]
[White "Nelsonbento"]
[Black "Kgarcia"]
[Result "0-1"]
[WhiteElo "1502"]
[BlackElo "1644"]

1. e4 e5 2. h4 Nc6 3. Qf3 Nf6 4. g4 h6 5. a3 Nd4 6. Qc3 Nxe4 7. Qc4 d5 8. Qd3
Qf6 9. f3 Ng3 10. Rh3 Nxf1 11. Kxf1 Bxg4 12. Rg3 Bh5 13. c3 Nxf3 14. Rxf3 Bxf3
15. Qxf3 Be7 16. Qxf6 Bxf6 17. d3 Bxh4 18. Nf3 Bf6 19. a4 g5 20. Nh2 h5 21. Na3
a6 22. Be3 b6 23. b4 g4 24. Kg2 O-O-O 25. Rf1 Rd6 26. Rf5 Kd7 27. a5 b5 28. d4
exd4 29. Bxd4 Bxd4 30. cxd4 f6 31. Nc2 Ke6 32. Ne3 c6 33. Rf2 Rg8 34. Kg3 Rdd8
35. Rc2 Kd7 36. Nf5 Rh8 37. Kh4 Rde8 38. Ng7 Re4 39. Rd2 Rh7 40. Nf5 Ke6 41. Ng3
Rf4 42. Re2+ Kd7 43. Nxh5 Rxd4 44. Rb2 g3+ 45. Kxg3 Rxh5 46. Nf3 Rd3 47. Kg4 Rh6
48. Kf4 Rc3 49. Nd2 Ke6 50. Nf1 Rh4# 0-1

[Event "Challenge"]
[Site "http://www.queenalice.com/game.php?id=1334525"]
[Date "2015.1.13"]
[Round "-"]
[White "ORNELAS"]
[Black "Kgarcia"]
[Result "1/2-1/2"]
[WhiteElo "1692"]
[BlackElo "1758"]

1. Nf3 d5 2. d4 Nf6 3. Bg5 h6 4. Bxf6 exf6 5. e3 Bd6 6. c3 Nc6 7. Bb5 Bd7 8. O-O
O-O 9. Nbd2 a6 10. Bd3 Ne7 11. e4 dxe4 12. Nxe4 Ng6 13. Nxd6 cxd6 14. Bxg6 fxg6
15. Nh4 Be8 16. Qb3+ Bf7 17. Qxb7 Re8 18. Rae1 Rf8 19. Re7 Qc8 20. Qe4 Re8 21.
Re1 Kf8 22. Nxg6+ Kg8 23. Rxe8+ Bxe8 24. Ne7+ Kf8 25. Nd5 Rb8 26. Qe7+ Kg8 27.
Nf4 Bf7 28. Qxd6 Rxb2 29. g3 Qxc3 30. Rf1 Rxa2 31. Qd8+ Kh7 32. Qf8 Bc4 33. Qe8
Qc2 34. Qe1 Bxf1 35. Qxf1 Qb2 36. d5 Ra1 37. Qxa1 Qb6 38. Qa3 Qb1+ 39. Kg2 Qe4+
40. Kg1 Qe1+ 41. Kg2 Qe4+ 42. Kg1 Qe1+ 43. Kg2 Qe4+ 44. Kg1 1/2-1/2

[Event "Challenge"]
[Site "http://www.queenalice.com/game.php?id=1335694"]
[Date "2015.1.19"]
[Round "-"]
[White "Kgarcia"]
[Black "JORAM2205"]
[Result "1-0"]
[WhiteElo "1744"]
[BlackElo "1685"]

1. Nf3 Nc6 2. d4 d5 3. e3 Nf6 4. c4 e6 5. Nbd2 Be7 6. Be2 Bd6 7. c5 Be7 8. O-O
h6 9. a3 Bd7 10. b4 b6 11. Rb1 a5 12. h3 g5 13. Ne5 Nxe5 14. dxe5 Ne4 15. Nxe4
Qb8 16. Nc3 c6 17. cxb6 Qxb6 18. Na4 Qc7 19. Bh5 O-O-O 20. bxa5 Qxa5 21. Bd2 Qc7
22. Nb6+ Kb7 23. Nxd5+ Kc8 24. Nxe7# 1-0